| 000 | 00336nam a2200121Ia 4500 | ||
|---|---|---|---|
| 008 | 150202s9999 xx 000 0 und d | ||
| 050 |
_aFIC _bFIC |
||
| 100 | _aLondon, Jack. | ||
| 245 | 4 |
_aThe call of the wild / _cJack London. |
|
| 260 |
_aNew York : _bScholastic Books, _c1963. |
||
| 300 |
_a172 pages : _c18 cm. |
||
| 650 | _aFiction. | ||
| 999 |
_c282194 _d282194 |
||